Регионална библиотека "Любен Каравелов" - Русе

Въведение в детската психология (Запис номер 72956)

MARC детайли
000 -Лидер
Контролно поле с фиксирана дължина 01715nam a2200373 c 4500
003 - Код на организацията, давaща контролен номер
Контролно поле BLK
005 - Дата и час на последна редакция
Контролно поле 20250718124423.0
008 - Елементи от данни с фиксирана дължина
fixed length control field 180408b bul|||||r ||||||| ||bul||
010 ## - Наследен системен номер
LC control number KNG00077335000
020 ## - Международен стандартен номер на книга ISBN
Международен стандартен номер на книга ISBN 978-954-607-749-3
-- издат.: ЛИК
040 ## - Източник на каталожния запис
Идентификатор на билиотеката - собственик на записа BLK
041 ## - Код за език
Код за езика на текст/звукозапис или на отделно заглавие Български
Код за езика КДБФ Български
080 ## - УДК
Текстов определител УДК Психология на детската възраст. Интелектуално развитие на децата. Психически особености. Детски представи, описани в разкази
УДК код - определител по УДК 159.922.7
УДК определител
УДК - код + определител 159.922.7
080 ## - УДК
Текстов определител УДК Педагогическа психология
УДК код - определител по УДК 37.015.3
УДК определител
УДК - код + определител 37.015.3
100 1# - Редна дума - Автор
Автор Остерийт, Пол
Авторска отговорност първи автор
R(LIN) 105025
139 ## - Редно поле
Редна дума Остерийт, Пол
Авторски знак Ост - О 85
245 10 - Сведения за заглавието
Заглавие Въведение в детската психология
Редно поле (дума) Пол Остерийт; прев. от англ. Петьо Ангелов.
257 ## - Страна на издаване
Страна на създаване/издаване Белгия
260 ## - Област на издателските данни
-- София
Име на издателя, разпространителя и проч. ЛИК
Година на издаване 2007
300 ## - Физическа характеристика
Страници 232 с.
Размери/Мащаб 20 см
380 ## - Жанр
Жанр Философия
500 ## - Общи забележки
Забележка Прев. по Introduction a la psychlogie de l'enfant / Paul A. Osterrieth. - 17e ed. - Библиогр. с. 225-230.
504 ## - Забележка за наличие на библиография и др
Забележка за наличие на библиография и под. 225-230
650 #4 - Допълнително описание по предмет – тема
Основно описание – тема или топоним Детска и педагогическа психология
9 (RLIN) 244538
653 ## - Ключова дума – ненормативна
Ключова дума детска психология
653 ## - Ключова дума – ненормативна
Ключова дума педагогическа психология
700 1# - Други автори (авторска отговорност)
Лично име Ангелов, Петьо
Автороска отговорност (Описва отношението между автора и произведението) прев. от англ.
9 (RLIN) 296141
852 ## - Местоположение
Форматна сигнатура Цб 235435
856 4# - Електронен адрес и достъп
Електронен формат pdf - файл
Път до файла /url/
856 4# - Електронен адрес и достъп
Електронен формат pdf - файл
Път до файла /url/
942 ## - АРТИКУЛИ
Вид на библиотечния материал Книги
Скрит в OPAC Не
Koha issues (borrowed), all copies 20
944 ## - СЪЗДАВАНЕ И РЕДАКЦИЯ на ЗАПИСА
Създаване/Редакция Създаване
Дата на регистрацията/редакция 13.08.2007
Служител, извършил регистрацията/редакцията 30576
Статус, дата на статуса Цветомила Тодорова
944 ## - СЪЗДАВАНЕ И РЕДАКЦИЯ на ЗАПИСА
Създаване/Редакция Редакция
Дата на регистрацията/редакция 22.12.2016
Служител, извършил регистрацията/редакцията Виолета_Тройчева
999 ## - СИСТЕМНИ КОНТРОЛНИ НОМЕРА
Koha biblionumber 72956
Koha biblioitemnumber 72956
Наличности
Код за отписване Код за изгубен артикул Източник на класификационната схема Код за повреда Коз за рестрикции Код за отдаване Артикулен № Име на библиотеката - собственик Име на библиотеката, в която се намира в момента Статус (Текущо местоположение) Дата на вписване в системата Местоположение - отдел Цена в лева Инвентарен номер Систематично азбучна сигнатура Баркод Номер на екземпляра Цена в евро Служебна бележка Служебен тип на артикула
Изтеглен Не е изгубен Universal Decimal Classification Не е повреден без рестрикции заемане за дома 118617 Регионална библиотека "Любен Каравелов" Русе Регионална библиотека "Любен Каравелов" Русе Заемна - подръчен фонд 2007-08-13 Заемна - подръчен фонд 11.00 120000716522 П 159.92/О 85 120000716522 1 5.62 Дост: Pk Вид: Ф N: 6896 Дата: 09.08.2007 Дата инв: 05.12.2014 Бележки инв: П2014 Книги
  Не е изгубен   Не е повреден без рестрикции ползва се в читалня 118618 Регионална библиотека "Любен Каравелов" Русе Регионална библиотека "Любен Каравелов" Русе Хранилище 2008-03-14 Хранилище 11.00 120000724417 Цб 235435 120000724417 2 5.62 Дост: Dp Вид: Д N: 3 Дата: 12.12.2007 Книги
  Не е изгубен Universal Decimal Classification Не е повреден без рестрикции заемане за дома 118619 Регионална библиотека "Любен Каравелов" Русе Регионална библиотека "Любен Каравелов" Русе Заемна - подръчен фонд 2008-05-20 Заемна - подръчен фонд 11.00 120000726466 П 159.922.7/О-85 П 120000726466 3 5.62 Дост: Pk Вид: Ф N: 3677 Дата: 15.05.2008 Дата инв: 20.02.2018 Бележки инв: П2018 Книги
  Не е изгубен Universal Decimal Classification Не е повреден без рестрикции заемане за дома 118620 Регионална библиотека "Любен Каравелов" Русе Регионална библиотека "Любен Каравелов" Русе Заемна - подръчен фонд 2008-05-20 Заемна - подръчен фонд 11.00 120000726481 П 159.922.7/О-85 П 120000726481 4 5.62 Дост: Pk Вид: Ф N: 3678 Дата: 15.05.2008 Дата инв: 01.02.2018 Бележки инв: П2018 Книги
Изтеглен Не е изгубен Universal Decimal Classification Не е повреден без рестрикции заемане за дома 118621 Регионална библиотека "Любен Каравелов" Русе Регионална библиотека "Любен Каравелов" Русе Заемна - подръчен фонд 2008-12-19 Заемна - подръчен фонд 11.00 120000732279 П 159.92/О 85 120000732279 5 5.62 Дост: Ak Вид: Г N: 15 Дата: 19.12.2008 Книги
Vip Innovations Ltd, Rousse, Bulgaria 2025